000 00385nam a2200145 i 4500
001 bg
100 1 _aJAŚKOWSKA, Anna
245 0 _aĆwiczenia rachunkowe z fizyki /
_cAnna Jaśkowska, Jerzy Meldizon ; Politechnika Lubelska.
260 _aLublin,
_c1983.
700 1 _aMELDIZON, Jerzy
040 _cBPK
041 _apol
942 _cKS
008 s pl f |000 0 pol
999 _c28012
_d28012
856 _uhttp://koha.tu.koszalin.pl/cgi-bin/koha/opac-detail.pl?biblionumber=28012
_yKatalog online BPK